000 01101nas1a22002651i 4500
001 RU\NLR\BIBL_A\021996735
005 20241105073027.0
035 _a(NLR Aleph) 021996735
090 _a12443024
_c12443024
100 _a20230804a20049999|||y0rusy50 ca
101 0 _arus
102 _aRU
110 _azu|zz 0|y|
181 0 _ai
_baxxe
182 0 _an
200 1 _aЕнисейская провинция
_eальманах
_fООО "Краснояр. Геоархеология", Краснояр. краев. краевед. музей
203 _aТекст
_bвизуальный
_cнепосредственный
210 _aКрасноярск
_cЛитера-принт
_d2022 -
607 _aСибирь
_jПериодические издания
_xИстория
_91037443
_3RU\NLR\AUTH\6681060
686 1 _aТ3(2Р5)я54
712 0 2 _4570
_a"Красноярская Геоархеология", общество с ограниченной ответственностью
_9862158
_3RU\NLR\AUTH\880598585
852 _aNLR
_jП23/9689
942 _cSE
980 _aRUSPER